| 000 | 01044cam a2200301 a 4500 | ||
|---|---|---|---|
| 999 |
_c1163 _d1163 |
||
| 001 | 3490291 | ||
| 003 | OSt | ||
| 005 | 20180908103850.0 | ||
| 008 | 941115s1995 tnu b 000 0 eng d | ||
| 010 | _a 94073956 | ||
| 020 |
_a0785279822 : _c$16.99 |
||
| 035 | _a(OCoLC)31974611 | ||
| 040 |
_aOCl _cOCl _dCoD _dDLC |
||
| 042 | _alccopycat | ||
| 050 | 0 | 4 |
_aBT121.2 _b.H565 1995 |
| 082 | 0 | 0 |
_a231.3 _220 _bH6638 |
| 100 | 1 | _aHinn, Benny. | |
| 245 | 1 | 0 |
_aWelcome, Holy Spirit : _bhow you can experience the dynamic work of the Holy Spirit in your life / _cBenny Hinn. |
| 260 |
_aNashville : _bThomas Nelson, _cc1995. |
||
| 300 |
_a277 p. ; _c22 cm. |
||
| 504 | _aIncludes bibliographical references (p. [272]-277). | ||
| 650 | 0 | _aHoly Spirit. | |
| 650 | 0 |
_aHoly Spirit _xBiblical teaching. |
|
| 650 | 0 |
_aChristian life _xPentecostal authors. |
|
| 906 |
_a7 _bcbc _ccopycat _d2 _eopcn _f19 _gy-gencatlg |
||
| 942 |
_2ddc _cBK |
||